00512 2200193 4500001002100000005001500021008004100036020002200077035001900099041000700118082000800125090001400133100000800147245003900155260006900194300002700263500001000290650001800300INLIS00000000000409520241224112839241224||||||||| | ||| |||| || |  a978-602-17584-0-3 0010-1224004095 aid0 a174 a174 TIM m0 atim00amenegakan etika memajukan parlemen aJakartabdewan perwakilan rakyat daerah republik indonesiac2013 axx,141hlm.;ilus.;20 cm acet.1 0aIlmu Filsafat